000 00341nam a22001337a 4500
008 230620b xxu||||| |||| 00| 0 eng d
082 _a320.9
_bCRO
100 _cRichard Crook, James Manor
245 _aCommonwealth & Comparative Politics
260 _bFrank Cass & Co Ltd
_c2000
300 _a287p
440 _vVolume 38
942 _2ddc
_cBK
999 _c1568
_d1568